| 000 | 00817pam a2200253 a 4500 | ||
|---|---|---|---|
| 999 |
_c9330 _d9330 |
||
| 001 | 4019146 | ||
| 003 | OSt | ||
| 005 | 20210112155218.0 | ||
| 008 | 971210s1998 laua 000 0 eng | ||
| 010 | _a 97051690 | ||
| 020 | _a1878990845 | ||
| 040 |
_aDLC _cDLC _dDLC |
||
| 050 | 0 | 0 |
_aBV4832.2 _b.W39 1998 |
| 082 | 0 | 0 |
_a242 _221 |
| 100 | 1 | _aWatson, Wayne. | |
| 245 | 1 | 4 |
_aThe way home : _binspirations of a lifetime / _cWayne Watson. |
| 260 |
_aWest Monroe, La. : _bHoward Pub., _cc1998. |
||
| 300 |
_axii, 210 p. : _bill. ; _c22 cm. |
||
| 440 | 4 | _aThe artists devotional series | |
| 650 | 0 | _aDevotional exercises. | |
| 906 |
_a7 _bcbc _corignew _d1 _eocip _f19 _gy-gencatlg |
||
| 942 |
_2ddc _cBK |
||